[Event "ch-AUT"]
[Site "Linz AUT"]
[Date "2011.07.23"]
[Round "1"]
[White "Titz,Hei"]
[Black "Danner,G"]
[Result "0-1"]
[WhiteElo "2161"]
[BlackElo "2401"]

1.c4 e6 2.d4 Nf6 3.g3 c5 4.Nf3 cxd4 5.Nxd4 Qb6 6.Bg2 Bc5 7.e3 Nc6 8.Nb3 Bb4+
9.Bd2 d5 10.cxd5 exd5 11.Bxb4 Qxb4+ 12.Qd2 Ne4 13.Bxe4 Qxe4 14.O-O Bh3 15.f3 Qe5
16.Rf2 O-O 17.Nc3 Rad8 18.Rd1 Be6 19.Nd4 Qh5 20.g4 Qh4 21.Rg2 Rfe8 22.Qf2 Qxf2+
23.Rxf2 g5 24.Nxc6 bxc6 25.Rfd2 Rb8 26.b3 f5 27.h3 Kg7 28.Kf2 h5 29.gxh5 Rh8
30.Rg1 Rxh5 31.h4 g4 32.Kg3 gxf3 33.Kxf3+ Kf6 34.Rd4 Rbh8 35.Rh1 R5h6 36.Rh2 Ke5
37.Na4 Bf7 38.Nc5 Bh5+ 39.Kf2 Bg4 40.Kg3 Rg8 41.Kf2 Rg7 42.b4 Kd6 43.Nd3 Rgh7
44.Kg3 a5 45.a3 axb4 46.axb4 Ra7 47.Nf2 Bh5 48.Kf4 Rg6 49.e4 Ra3 50.e5+ Ke6
51.Rd3 Ra4 52.Rb3 c5 53.Nd3 Rg4+ 54.Ke3 c4 55.Nc5+ Kxe5 56.Nxa4 Rg3+ 57.Kd2 Rxb3
58.Rh1 Rxb4 59.Nc5 Kd6 60.Na6 Ra4  0-1

[Event "4th Paleohora Open"]
[Site "Paleochora GRE"]
[Date "2011.07.25"]
[Round "7"]
[White "Nogly,C"]
[Black "Ernst,S"]
[Result "1/2-1/2"]
[WhiteElo "2235"]
[BlackElo "2600"]

1.d4 Nf6 2.c4 e6 3.g3 c5 4.d5 exd5 5.cxd5 b5 6.Nf3 Bb7 7.e4 Nxe4 8.Bd3 Qa5+
9.Kf1 Nf6 10.Qe2+ Kd8 11.Bxb5 Bd6 12.Bg5 Re8 13.Qd3 Na6 14.Nc3 Nb4 15.Bxf6+ gxf6
16.Qf5 Re7 17.Bc4 Ba6 18.Bxa6 Qxa6+ 19.Kg2 Qc4 20.Qxf6 Kc7 21.Rhd1 Rb8 22.b3 Qg4
23.Rac1 Qg6 24.Qxg6 fxg6 25.a3 Na6 26.b4 Kd8 27.b5 Nc7 28.a4 a6 29.bxa6 Nxa6
30.Nb5 Rb6 31.Nd2 Bb8 32.d6 Re6 33.Nc4 Rc6 34.h4 h5 35.Re1 Rxe1 36.Rxe1 Nb4
37.Na5 Rb6 38.Re5 Nc6 39.Nc4 Ra6 40.Rxc5 Rxa4 41.Nb6 Ra6 42.Nd5 Na7 43.Ndc7 Bxc7
44.dxc7+ Kc8 45.Nxa7+ Rxa7 46.f4 Rxc7 47.Rg5 Rc6 48.f5 gxf5 49.Rxf5 Rh6 50.Kf3 Kc7
51.g4 Kd6  1/2-1/2

[Event "2nd ch-Vojvodina"]
[Site "Novi Sad SRB"]
[Date "2011.07.27"]
[Round "5.3"]
[White "Tosic,M"]
[Black "Robulj,N"]
[Result "1-0"]
[WhiteElo "2402"]
[BlackElo "2295"]

1.d4 Nf6 2.g3 e6 3.c4 c5 4.d5 exd5 5.cxd5 Bd6 6.Bg2 O-O 7.Nf3 Bc7 8.O-O d6
9.Nc3 a6 10.a3 Re8 11.b4 Nbd7 12.Bb2 b6 13.Qc2 Nf8 14.h3 Ng6 15.e4 h5 16.Rad1 Nd7
17.Ne2 Qe7 18.Ned4 Nf6 19.e5 dxe5 20.Nc6 Qf8 21.bxc5 bxc5 22.Rfe1 Nd7 23.Ng5 Nf6
24.d6 Bxd6 25.Nxe5 Bxe5 26.Bxa8 Bd7 27.Bxe5 Nxe5 28.Bd5 c4 29.Bxc4 Bc6 30.Rxe5 Rxe5
31.Nxf7 Rd5 32.Ng5 Qxa3 33.Qf5 Qd6 34.Qc8+  1-0

[Event "Stara Pazova-Ilindan GM"]
[Site "Stara Pazova SRB"]
[Date "2011.07.31"]
[Round "1.2"]
[White "Sertic,Ru"]
[Black "Kosanovic,G"]
[Result "1/2-1/2"]
[WhiteElo "2406"]
[BlackElo "2383"]

1.d4 Nf6 2.c4 e6 3.g3 c5 4.d5 exd5 5.cxd5 d6 6.Nc3 g6 7.Bg2 Bg7 8.Nf3 O-O
9.O-O a6 10.a4 Re8 11.Nd2 Nbd7 12.h3  1/2-1/2

[Event "112th US Open"]
[Site "Orlando USA"]
[Date "2011.08.05"]
[Round "4"]
[White "Fernandez,Dani"]
[Black "Kacheishvili,G"]
[Result "0-1"]
[WhiteElo "2401"]
[BlackElo "2582"]

1.d4 Nf6 2.c4 e6 3.g3 c5 4.d5 exd5 5.cxd5 d6 6.Nc3 g6 7.Bg2 Bg7 8.Nf3 O-O
9.O-O Re8 10.Nd2 a6 11.a4 Nbd7 12.Nc4 Ne5 13.Nxe5 Rxe5 14.e4 Re8 15.Bf4 Rb8
16.a5 b5 17.axb6 Rxb6 18.Qc2 Ng4 19.h3 Ne5 20.Na4 Rb8 21.Bd2 f5 22.f4 Nf7
23.Kh2 fxe4 24.Bxe4 Nh6 25.Rae1 Nf5 26.Bc1 Nd4 27.Qg2 Nb3 28.Nc3 Nxc1 29.Rxc1 Rb4
30.Bd3 Re3 31.Rcd1 Qe7 32.Rf2 Rd4 33.Bc2 g5 34.Rdf1 g4 35.h4 Qe8 36.Nd1 Re7
37.f5 Bf6 38.Nc3 Bb7 39.Rf4 Kf8 40.R1f2 Re1 41.Rxd4 Bxd4 42.Rf1 Qe3 43.Bd3 a5
44.Bc4 Rxf1 45.Qxf1 Be5 46.Ne2 Qd2 47.Qg2 Qc2 48.Nc3 Qxf5 49.Qd2 Qf6 50.Ne4 Qxh4+
51.Kg2 Qh3+ 52.Kf2 Qh2+ 53.Ke3 Qg1+ 54.Kd3 Qd4+  0-1

[Event "112th US Open"]
[Site "Orlando USA"]
[Date "2011.08.05"]
[Round "7"]
[White "Gurevich,D"]
[Black "Gelashvili,T"]
[Result "1/2-1/2"]
[WhiteElo "2479"]
[BlackElo "2616"]

1.d4 Nf6 2.c4 e6 3.g3 c5 4.Nf3 cxd4 5.Nxd4 Qc7 6.b3 Bb4+ 7.Bd2 Bc5 8.Bc3 Ne4
9.Qd3 Nxc3 10.Nxc3 Nc6 11.Nxc6 Qxc6 12.Rg1 O-O 13.Bg2 d5 14.cxd5 exd5 15.Nxd5 Qh6
16.b4 Bd6 17.Qd2 Qg6 18.Rd1 Be6 19.Nf4 Bxf4 20.gxf4 Rac8 21.Qd3 Qxd3 22.Rxd3 Rc4
23.a3 Rc1+ 24.Rd1 Rfc8 25.Rh1 R1c3 26.Bxb7 Rb8 27.Be4 Rxa3 28.f5 Bc4 29.Rg1 Ra2
30.Bf3 Bxe2 31.Bxe2 Re8 32.Rd2 Ra1+ 33.Rd1 Ra2  1/2-1/2

[Event "Split Open"]
[Site "Split CRO"]
[Date "2011.08.10"]
[Round "6.13"]
[White "Malada,V"]
[Black "Berke,A"]
[Result "1-0"]
[WhiteElo "2326"]
[BlackElo "2174"]

1.d4 Nf6 2.c4 e6 3.g3 c5 4.d5 exd5 5.cxd5 d6 6.Nc3 g6 7.Bg2 Bg7 8.Nf3 O-O
9.O-O a6 10.a4 Re8 11.Nd2 Nbd7 12.h3 Rb8 13.Nc4 Ne5 14.Na3 Nh5 15.e4 Bd7
16.a5 b5 17.axb6 Bb5 18.Naxb5 axb5 19.Nxb5 Qxb6 20.Na3 Qb3 21.Qxb3 Rxb3 22.Rd1 Nd3
23.Nc4 Bd4 24.Be3 Nxb2 25.Nxd6 Rd8 26.Rxd4 Rxe3 27.Rd2 Rb3 28.Rb1 Rdb8 29.Rc2 R8b6
30.Nc8 Nd3 31.Rxb3 Rxb3 32.Bf1 Nf6 33.Bxd3 Rxd3 34.Nd6 Rd4 35.f3 Nd7 36.Kf2 f5
37.Ke3 fxe4 38.fxe4 Rd1 39.Ke2 Rd4 40.Rc4 Ne5 41.Rxd4 cxd4 42.Nb5 d3+ 43.Ke3 h5
44.Nd4 h4 45.gxh4 Kg7 46.Nf3 d2 47.Nxd2  1-0

[Event "Split Open"]
[Site "Split CRO"]
[Date "2011.08.10"]
[Round "6.7"]
[White "Dragomirescu,An"]
[Black "Smirnov,Arte"]
[Result "1/2-1/2"]
[WhiteElo "2190"]
[BlackElo "2440"]

1.d4 Nf6 2.c4 e6 3.g3 c5 4.d5 d6 5.Nc3 exd5 6.cxd5 g6 7.Bg2 Bg7 8.Nf3 O-O
9.O-O Re8 10.Nd2 a6 11.a4 Nbd7 12.h3 Rb8 13.Nc4 Nh5 14.Na3 Ne5 15.Kh2 f5
16.f4 Nf7 17.Nc4 Nf6 18.a5 h5 19.Bf3 Bd7 20.Nb6 Nh6 21.Nxd7 Qxd7 22.Qd3 Qe7
23.Ra4 b5 24.axb6 Rxb6 25.Rxa6 Rb4 26.Na2 Rd4 27.Qb3 Ne4 28.Rd1 h4 29.g4 fxg4
30.hxg4 h3 31.g5 Nf5 32.e3 Rxd1 33.Qxd1 Nxg5 34.Ra3 Ne4 35.Qg1 Qh4 36.Nc3 Neg3
37.Ne2 Nxe2 38.Bxe2 Kh7 39.Ra7 Re7 40.Rxe7 Qxe7 41.Qg4 Qe4 42.Qxh3+ Bh6 43.Qg2 Qc2
44.Qf1 c4 45.Kh3 Qe4 46.Qf3 Qc2 47.Qf1 Bg7 48.Bxc4 Bxb2 49.Bxb2 Qxb2 50.Bd3 Qf6
51.Qf2 Kg7 52.e4 Ne7 53.Qg3 Qa1 54.Kg2  1/2-1/2

[Event "e2e4 Int Masters D"]
[Site "Sunningdale ENG"]
[Date "2011.08.11"]
[Round "2"]
[White "Straka,Jos"]
[Black "Eggleston,D"]
[Result "1/2-1/2"]
[WhiteElo "2305"]
[BlackElo "2318"]

1.d4 Nf6 2.c4 e6 3.g3 c5 4.d5 exd5 5.cxd5 d6 6.Nc3 g6 7.Bg2 Bg7 8.Nf3 O-O
9.O-O Nbd7 10.h3 a6 11.a4 Rb8 12.Bf4 Qc7 13.Rc1 Nh5 14.Bg5 h6 15.Be3 f5 16.Qd2 g5
17.Bxg5 hxg5 18.Qxg5 Nhf6 19.Nh4 Ne5 20.Nxf5 Bxf5 21.Qxf5 Rbe8 22.Qc2 Qd7
23.e4 c4 24.f4 Nd3 25.Rb1 b5 26.axb5 axb5 27.b3 Qa7+ 28.Kh2 Qc5 29.Nxb5 Nxe4
30.bxc4 Nef2 31.Rb3 Re3 32.Nxd6 Qxd6 33.Rxf2 Qc5 34.Re2 Ne1 35.Qd1 Nxg2 36.Kxg2 Rxb3
37.Qxb3 Qd4 38.d6 Qc5 39.Qd3 Rd8 40.Rd2 Kh8 41.d7 Qe7 42.Qd5 Bc3 43.Rd1 Qe2+
44.Kh1 Bf6 45.c5 Kg7 46.c6 Rh8 47.h4 Bxh4 48.Kg1 Bf6 49.Qd3 Qh2+ 50.Kf1 Qh1+
51.Kf2  1/2-1/2

[Event "7th Gazi-Heraklion Open"]
[Site "Heraklion GER"]
[Date "2011.08.13"]
[Round "9"]
[White "Townsend,M"]
[Black "Kazakos,E"]
[Result "1-0"]
[WhiteElo "2280"]
[BlackElo "2105"]

1.d4 Nf6 2.c4 e6 3.g3 c5 4.d5 exd5 5.cxd5 d6 6.Nc3 g6 7.Bg2 Bg7 8.Nf3 O-O
9.O-O a6 10.a4 Re8 11.Nd2 Nbd7 12.h3 Nh5 13.Nce4 Ndf6 14.Nxf6+ Nxf6 15.Nc4 b6
16.Bf4 Bf8 17.Re1 Ne4 18.Qc2 f5 19.g4 Ra7 20.f3 Ng5 21.e4 fxg4 22.fxg4 Nf7
23.e5 dxe5 24.Nxe5 Nxe5 25.Bxe5 Rae7 26.Qc3 Bg7 27.Bxg7 Rxe1+ 28.Rxe1 Rxe1+
29.Qxe1 Kxg7 30.Qe5+ Kf7 31.g5 Bf5 32.Qg3 Qe7 33.b3 b5 34.axb5 axb5 35.d6 Qd7
36.Bd5+ Be6 37.Qf2+ Ke8 38.Qxc5 Bxd5 39.Qxd5 Kf8 40.Kg2 Kg7 41.Kg3 Kf8 42.h4 Qa7
43.Kf3 Qg1 44.Qd3 Qh1+ 45.Kg4 Qg2+ 46.Qg3 Qc2 47.Qf3+ Kg8 48.Qd5+ Kf8 49.d7 Qe2+
50.Qf3+ Qxf3+ 51.Kxf3  1-0

[Event "10th Lichtenberger Sommer"]
[Site "Berlin GER"]
[Date "2011.08.14"]
[Round "3.39"]
[White "Fartmann,Oliver"]
[Black "Gress,A"]
[Result "1-0"]
[WhiteElo "1845"]
[BlackElo "2061"]

1.d4 Nf6 2.c4 e6 3.g3 c5 4.Nf3 Qc7 5.Bg2 cxd4 6.Nxd4 Qxc4 7.Be3 Bb4+ 8.Nd2 Nc6
9.O-O Qa6 10.Ne4 Ng4 11.Nxc6 dxc6 12.Qd4 Nxe3 13.fxe3 Be7 14.Qxg7 Rf8 15.Bf3 Qb6
16.Rad1 Qxe3+ 17.Kh1 Bd7 18.Rd3 Qb6 19.Nf6+ Bxf6 20.Qxf6 Qd8 21.Qd4 Qc7 22.Qh4 Qd8
23.Qd4 Qe7 24.Rfd1 O-O-O 25.Qxa7 e5 26.Rb3 Bh3 27.Qa8+ Kc7 28.Qxb7+  1-0

[Event "10th Lichtenberger Sommer"]
[Site "Berlin GER"]
[Date "2011.08.16"]
[Round "4.6"]
[White "Bruedigam,M"]
[Black "Stark,I"]
[Result "1-0"]
[WhiteElo "2322"]
[BlackElo "2166"]

1.d4 Nf6 2.c4 e6 3.g3 c5 4.Nf3 d5 5.cxd5 Nxd5 6.Bg2 Nc6 7.O-O Be7 8.dxc5 Bxc5
9.Qc2 Be7 10.Rd1 O-O 11.a3 Bd7 12.e4 Nf6 13.Bf4 Qc8 14.Nc3 Rd8 15.e5 Nh5
16.Bg5 f6 17.exf6 gxf6 18.Be3 Ng7 19.Ne4 Be8 20.Rxd8 Qxd8 21.Rd1 Qc7 22.Bc5 Rd8
23.Rxd8 Qxd8 24.Bxe7 Qxe7 25.Qc3 e5 26.Nc5 b6 27.Nb3 Qd6 28.Nfd2 Nf5 29.Qc4+ Kf8
30.Be4 Bd7 31.Nf3 Be6 32.Qc2 Bxb3 33.Qxb3 Nfd4 34.Qd3 Qc5 35.Bxh7 Ne7 36.Nxd4 exd4
37.b4 Qc3 38.Qxc3 dxc3 39.Be4 Nc6 40.Kf1 Nd4 41.Ke1 Ke7 42.g4 Kd6 43.f4 Ne6
44.Ke2 Nxf4+ 45.Ke3 Ke5 46.h4 f5 47.Bxf5 Ng2+ 48.Kd3 Nxh4 49.Kxc3 Nf3 50.Kc4 Nd4
51.a4 Nc6 52.Kb5 Nb8 53.Bc8 Kf4 54.a5 bxa5 55.bxa5  1-0

[Event "10th Lichtenberger Sommer"]
[Site "Berlin GER"]
[Date "2011.08.16"]
[Round "4.49"]
[White "Burger,H"]
[Black "Scholz,Ra"]
[Result "1-0"]
[WhiteElo "2166"]
[BlackElo "1896"]

1.d4 Nf6 2.c4 e6 3.g3 c5 4.d5 exd5 5.cxd5 d6 6.Bg2 g6 7.Nc3 Qb6 8.Nf3 Bg7
9.O-O O-O 10.e4 Re8 11.Re1 Nbd7 12.h3 a6 13.Qc2 Rb8 14.Bf4 Qc7 15.a4 b5 16.axb5 axb5
17.Bf1 c4 18.Nd4 b4 19.Ncb5 Qb6 20.Bxd6 Rb7 21.Qxc4  1-0

[Event "26th Universiade Men"]
[Site "Shenzhen CHN"]
[Date "2011.08.19"]
[Round "7"]
[White "Li Chao2"]
[Black "Wang Hao"]
[Result "1-0"]
[WhiteElo "2669"]
[BlackElo "2718"]

1.d4 Nf6 2.c4 e6 3.g3 c5 4.d5 exd5 5.cxd5 d6 6.Nc3 g6 7.Bg2 Bg7 8.Nf3 O-O
9.O-O Re8 10.Bf4 a6 11.a4 Nh5 12.Bg5 Qc7 13.Qd2 Nd7 14.Bh6 Bh8 15.h3 Ne5
16.Nxe5 Bxe5 17.g4 Ng7 18.Ne4 f5 19.f4 Bd4+ 20.e3 Bxb2 21.Qxb2 fxe4 22.a5 Qf7
23.Rab1 Bd7 24.Qxg7+ Qxg7 25.Bxg7 Kxg7 26.Rxb7 Re7 27.Rfb1 Kf7 28.R1b6 c4
29.Rc7 Bb5 30.Rbb7 Rxc7 31.Rxc7+ Kg8 32.Kf2 Re8 33.g5 c3 34.Rxc3 Bd3 35.h4 Rb8
36.Kg3 Rb1 37.Rc8+ Kf7 38.Rc7+ Kf8 39.h5 Re1 40.h6 Rxe3+ 41.Kh2 Re1 42.Rxh7 Kg8
43.Rg7+ Kh8 44.Rxg6 e3 45.Re6  1-0

[Event "10th Lichtenberger Sommer"]
[Site "Berlin GER"]
[Date "2011.08.21"]
[Round "9.4"]
[White "Simon,Ra"]
[Black "Lagunow,A"]
[Result "0-1"]
[WhiteElo "2200"]
[BlackElo "2434"]

1.d4 Nf6 2.c4 e6 3.g3 c5 4.d5 exd5 5.cxd5 g6 6.Bg2 d6 7.e4 Bg7 8.Ne2 O-O
9.Nec3 Re8 10.O-O a6 11.a4 Nbd7 12.Na3 b5 13.axb5 axb5 14.Ncxb5 Nxe4 15.Re1 Ba6
16.Rxe4 Rxe4 17.Bxe4 Bxb5 18.Bg5 Qxg5 19.Nxb5 Rb8 20.Qa4 Bxb2 21.Rb1 Qe5
22.Na7 Rb4 23.Qxd7 Qxe4 24.Rf1 Bd4 25.Nc6 Bxf2+ 26.Rxf2 Rb1+ 27.Rf1 Qe3+
28.Kg2 Rb2+ 29.Kh1 Qe4+  0-1

[Event "20th Kaerntner Chess Summer"]
[Site "Feffernitz AUT"]
[Date "2011.08.23"]
[Round "4"]
[White "Mirata,Danilo"]
[Black "Logar,M"]
[Result "1/2-1/2"]
[WhiteElo "1830"]
[BlackElo "2044"]

1.d4 Nf6 2.c4 e6 3.g3 c5 4.d5 exd5 5.cxd5 d6 6.Nc3 g6 7.Bg2 Bg7 8.Nf3 O-O
9.O-O Re8 10.Re1 Nbd7 11.h3 a6 12.a4 Rb8 13.a5 b5 14.axb6 Nxb6 15.e4 Bb7
16.Qc2 Qc7 17.Na4 Bc8 18.Bd2 Nxa4 19.Rxa4 Qb6 20.Bc3 Bd7 21.Raa1 Bb5 22.Bf1 Re7
23.Nd2 Ree8 24.Bc4 Qc7 25.f3  1/2-1/2

[Event "3rd Senica Open"]
[Site "Senica SVK"]
[Date "2011.08.24"]
[Round "5.2"]
[White "Straka,Jos"]
[Black "Andreev,Ed UKR"]
[Result "1/2-1/2"]
[WhiteElo "2305"]
[BlackElo "2458"]

1.d4 Nf6 2.c4 e6 3.g3 c5 4.d5 d6 5.Nc3 exd5 6.cxd5 g6 7.Bg2 Bg7 8.Nf3 O-O
9.O-O Re8 10.Nd2 a6 11.a4 Nbd7 12.h3 Rb8 13.Nc4 Ne5 14.Nxe5 Rxe5 15.e4 Re8
16.Bg5 h6 17.Be3 b5 18.axb5 axb5 19.Qd3 Bd7 20.b4 cxb4 21.Ne2 Ra8 22.Nd4 Ra3
23.Rxa3 bxa3 24.Qxa3 Nxe4 25.Nc6 Bxc6 26.dxc6 d5  1/2-1/2

[Event "23rd ch-Southern California"]
[Site "Beverly Hills USA"]
[Date "2011.08.28"]
[Round "7"]
[White "Yanayt,E"]
[Black "Peters,Ja"]
[Result "0-1"]
[WhiteElo "2236"]
[BlackElo "2377"]

1.d4 Nf6 2.c4 e6 3.g3 c5 4.d5 exd5 5.cxd5 b5 6.Bg2 d6 7.Nf3 Nbd7 8.O-O Be7
9.Re1 O-O 10.e4 Nb6 11.Qc2 Re8 12.Nc3 b4 13.Nd1 Bf8 14.h3 a5 15.a3 Ba6 16.b3 g6
17.axb4 axb4 18.Nb2 Bg7 19.Ra2 Qd7 20.Kh2 Bb5 21.Rxa8 Rxa8 22.Nc4 Bxc4 23.bxc4 Qa4
24.Qd3 Nfd7 25.Bf4 b3 26.Nd2 b2 27.Bxd6 Qb4 28.Bf1 Be5 29.f4 Bxd6 30.e5 Nxc4  0-1

[Event "10th Sunny Beach Open"]
[Site "Sunny Beach BUL"]
[Date "2011.09.01"]
[Round "6.20"]
[White "Nguyen,Mi"]
[Black "Filip,L"]
[Result "0-1"]
[WhiteElo "2190"]
[BlackElo "2469"]

1.d4 Nf6 2.c4 e6 3.g3 c5 4.d5 exd5 5.cxd5 d6 6.Nc3 g6 7.Bg2 Bg7 8.Nf3 O-O
9.O-O a6 10.a4 Nbd7 11.h3 Re8 12.Nd2 Rb8 13.Nc4 Ne5 14.Na3 Nh5 15.e4 f5 16.exf5 Bxf5
17.a5 Rf8 18.Be3 Qf6 19.Ne4 Bxe4 20.Bxe4 Rbe8 21.Bg2 Qd8 22.Qd2 Nf3+ 23.Bxf3 Rxf3
24.Bg5 Qd7 25.Kg2 Qf5 26.Rae1 Rxe1 27.Rxe1 Bd4 28.Re8+ Kf7 29.Re2 Rd3 30.Re7+ Kf8
31.Qe2 Qxg5 32.Re8+ Kg7  0-1

[Event "Richard Reti Mem"]
[Site "Trnava SVK"]
[Date "2011.09.01"]
[Round "6.2"]
[White "Krejci,Jan2"]
[Black "Pacher,M"]
[Result "1/2-1/2"]
[WhiteElo "2503"]
[BlackElo "2408"]

1.d4 Nf6 2.c4 e6 3.g3 c5 4.d5 exd5 5.cxd5 b5 6.Bg2 d6 7.a4 b4 8.Nd2 Nbd7
9.e4 Ne5 10.Bf1 g5 11.Ngf3 Nxf3+ 12.Qxf3 Bg7 13.Bb5+ Bd7 14.Nc4 Qe7 15.O-O h6
16.e5 dxe5 17.d6 Qd8 18.Nxe5 O-O 19.Nxd7 Nxd7 20.Qd5 Bd4 21.Be3 Nb6 22.Qf5 Qxd6
23.Bxd4 cxd4 24.f4 Nd5 25.Bd3 Qg6 26.fxg5 hxg5 27.Qf3 Qe6 28.Rae1 g4 29.Rxe6 gxf3
30.Re4 Ne3 31.Rxf3 Rfd8 32.Re7 f5 33.g4 Rac8 34.gxf5 Rc1+ 35.Kf2 Nd1+ 36.Kg2 Nxb2
37.Be4 Kf8 38.Rxa7 Nc4 39.Rh3 Ne3+ 40.Kf3 Kg8 41.Rg3+ Kf8 42.Rgg7 Nd5 43.Rh7 Kg8
44.Bxd5+ Rxd5 45.Rag7+ Kf8 46.Ke4 Rd6 47.Ke5 Rh6 48.Rf7+ Kg8 49.Rxh6 Kxf7
50.Kxd4 b3 51.Rb6 Ra1 52.Rxb3 Rxa4+ 53.Ke5 Ra5+ 54.Kf4 Ra1 55.Kg5 Rg1+ 56.Rg3 Rh1
57.h4 Ra1 58.h5 Kg7 59.h6+ Kf7 60.h7 Kg7 61.Rh3 Kh8 62.Rh4 Ra6 63.Re4 Kxh7
64.Re6 Ra1 65.Kf6 Rf1 66.Re5 Kg8 67.Rd5 Rf2 68.Re5 Rf1 69.Ke6 Kg7 70.Re2 Ra1
71.Rg2+ Kf8 72.Kf6 Ra6+ 73.Kg5 Kf7 74.Rh2 Kg7 75.Rb2 Rc6 76.Rb7+ Kf8 77.Rh7 Kg8
78.Rh6 Rxh6 79.Kxh6 Kf7 80.f6 Kxf6  1/2-1/2

[Event "TCh-SRB Premier Men"]
[Site "Valjevo SRB"]
[Date "2011.09.02"]
[Round "7.2"]
[White "Jovanovic,Boj2"]
[Black "Lajthajm,B"]
[Result "1/2-1/2"]
[WhiteElo "2222"]
[BlackElo "2481"]

1.d4 Nf6 2.c4 e6 3.g3 c5 4.d5 exd5 5.cxd5 d6 6.Nc3 g6 7.Bg2 Bg7 8.Nf3 O-O
9.O-O Na6 10.Nd2 Nc7 11.a4 b6 12.Re1 Rb8 13.e4 Re8 14.Nc4 Ba6 15.Bf1 Bxc4
16.Bxc4 a6 17.Qe2 b5 18.axb5 axb5 19.Bd3 c4 20.Bb1 Ncxd5 21.Nxd5 Nxd5 22.Rd1 Nb6
23.Bf4 Re6 24.Ra6 Qc7 25.Qd2 Be5 26.Be3 Na4 27.Ra7 Qc8 28.f4 Bxb2 29.f5 gxf5
30.exf5 Rxe3 31.Qxe3 Qc5 32.Qxc5 dxc5 33.Rdd7 Bd4+ 34.Kg2 Nc3 35.Rxf7 Rf8
36.Rxf8+ Kxf8 37.Bc2 b4 38.Rb7 Nd5 39.Kf3 b3 40.Bxb3 cxb3 41.Rxb3 Nb4 42.Ke4 Bf6
43.Ra3 Kf7 44.Ra7+ Be7 45.g4 h6 46.Rb7 Ke8 47.Ke5 Nd3+ 48.Ke6 Nf4+ 49.Ke5 Nd3+
50.Ke6 Nf4+ 51.Ke5  1/2-1/2

[Event "TCh-POL 1st League"]
[Site "Mrzezyno POL"]
[Date "2011.09.06"]
[Round "4"]
[White "Swicarz,M"]
[Black "Maksimenko,An"]
[Result "0-1"]
[WhiteElo "2298"]
[BlackElo "2553"]

1.d4 Nf6 2.c4 e6 3.g3 c5 4.Nf3 cxd4 5.Nxd4 Qc7 6.b3 Bb4+ 7.Bd2 Bc5 8.e3 e5
9.Nb5 Qc6 10.f3 a6 11.N5c3 d6 12.Bd3 Be6 13.Ne4 Nxe4 14.Bxe4 Qb6 15.Qe2 f5
16.Bd5 Bxd5 17.cxd5 Nd7 18.Nc3 Bb4 19.Na4 Qa5 20.Bxb4 Qxb4+ 21.Qd2 Qxd2+
22.Kxd2 Rc8 23.Rac1 Ke7 24.Rxc8 Rxc8 25.e4 fxe4 26.fxe4 Rf8 27.Ke3 b5 28.Nc3 Rc8
29.Kd2 Nf6 30.Re1 h5 31.Kd3 Ng4 32.Re2 Rf8 33.Nd1 Rf3+ 34.Kd2 g6 35.Ne3 Nf6
36.Kd3 Kd7 37.Re1 Rf2 38.Rf1 Ng4 39.Kc3 Nxe3 40.Rxf2 Nd1+ 41.Kb4 Nxf2  0-1

[Event "10th African Games Open"]
[Site "Maputo MOZ"]
[Date "2011.09.07"]
[Round "3.4"]
[White "Mosetlhe,K"]
[Black "Nassr,A"]
[Result "0-1"]
[WhiteElo "2119"]
[BlackElo "1958"]

1.d4 Nf6 2.c4 e6 3.g3 c5 4.d5 exd5 5.cxd5 b5 6.Bg2 d6 7.a4 b4 8.Nd2 Be7 9.e4 Bb7
10.Ngf3 O-O 11.O-O Re8 12.Re1 Bf8 13.b3 g6 14.Bb2 Bg7 15.Qc2 Nbd7 16.Nc4 Qc7
17.Rad1 Rad8 18.Bc1 Ba6 19.Bf1 Bxc4 20.Bxc4 Ng4 21.Bg5 Rc8 22.Ba6 Rb8 23.Bb5 Rec8
24.Kg2 Nb6 25.Ba6 Rf8  0-1

[Event "ch-Euro Youth b14"]
[Site "Albena BUL"]
[Date "2011.09.12"]
[Round "2.20"]
[White "Naoum,S"]
[Black "Yaran,Siar"]
[Result "1-0"]
[WhiteElo "2098"]
[BlackElo "1805"]

1.d4 Nf6 2.c4 e6 3.g3 c5 4.Nf3 cxd4 5.Nxd4 Nc6 6.Bg2 Bb4+ 7.Nc3 O-O 8.O-O h6
9.Ndb5 a6 10.Nd6 Qc7 11.Nce4 Nxe4 12.Nxe4 Be7 13.Bf4 e5 14.Be3 d6 15.Nc3 Be6
16.Nd5 Qd8 17.Qd2 f5 18.Rfd1 e4 19.Rac1 Bxd5 20.Qxd5+ Kh8 21.Bh3 Nb4 22.Qd2 a5
23.Bxh6 Nxa2 24.Ra1 Nb4 25.Bf4 Ra6 26.Be3 Rc6 27.b3 b6 28.Rac1 Kh7 29.g4 fxg4
30.Bg2 Rf3 31.exf3 gxf3 32.Qd4 d5 33.cxd5 Rg6 34.Qxe4 fxg2 35.Qf5  1-0

[Event "ch-Euro Youth b14"]
[Site "Albena BUL"]
[Date "2011.09.14"]
[Round "4.7"]
[White "Naoum,S"]
[Black "Alekseenko,K"]
[Result "0-1"]
[WhiteElo "2098"]
[BlackElo "2303"]

1.d4 Nf6 2.c4 e6 3.g3 c5 4.Nf3 cxd4 5.Nxd4 a6 6.Bg2 Qc7 7.O-O Qxc4 8.Nc3 Nc6
9.Nb3 d5 10.Bf4 Qb4 11.Rc1 Be7 12.e4 Nxe4 13.Nxe4 dxe4 14.a3 Qa4 15.Nd2 Qxd1
16.Rfxd1 e5 17.Bxe4 exf4 18.Rxc6 fxg3 19.hxg3 Bg4 20.f3 Rd8 21.Rc7 Bd6 22.Rxb7 Bc8
23.Rb3 Bxg3 24.Rd3 Ke7 25.Nc4 Rxd3 26.Rxd3 f5 27.Bc6 Be6 28.Nb6 h5 29.Bd5 Bc7
30.Na8 Bd6 31.Bc6 Rc8 32.Rc3 Be5 33.Rc2 Kd6  0-1

[Event "ch-Euro Youth b16"]
[Site "Albena BUL"]
[Date "2011.09.15"]
[Round "5.7"]
[White "Veinberg,N"]
[Black "Yudin,I"]
[Result "1/2-1/2"]
[WhiteElo "2092"]
[BlackElo "2311"]

1.d4 Nf6 2.c4 e6 3.g3 c5 4.d5 exd5 5.cxd5 d6 6.Nc3 g6 7.Bg2 Bg7 8.Nf3 O-O
9.O-O a6 10.a4 Re8 11.Nd2 Nbd7 12.h3 Rb8 13.Nc4 Ne5 14.Na3 Nh5 15.e4 Bd7
16.a5 Qxa5 17.g4 Nf6 18.f4 Nexg4 19.hxg4 Nxg4 20.f5 h5 21.Bg5 c4 22.f6 Qc5+
23.Kh1 Bf8 24.Qd2 Kh7 25.Nc2 Re5 26.Bf4 Bh6 27.Bxh6 Nxh6 28.Na4 Qc7 29.Nc3 Rbe8
30.Qd4 Bc8 31.Qa7 Rg5 32.Ne3 Ng4 33.Nxg4 Rxg4 34.Rxa6 Re5 35.Qb6 Qd7  1/2-1/2

[Event "ch-Euro Youth b14"]
[Site "Albena BUL"]
[Date "2011.09.18"]
[Round "7.26"]
[White "Minko,V"]
[Black "Ghvamberia,N"]
[Result "0-1"]
[WhiteElo "2038"]
[BlackElo "1903"]

1.d4 Nf6 2.c4 e6 3.g3 c5 4.d5 exd5 5.cxd5 d6 6.Bg2 b5 7.e4 Bb7 8.Bg5 Nbd7
9.Ne2 h6 10.Bf4 Be7 11.O-O O-O 12.h3 Re8 13.Nd2 Bf8 14.g4 Ne5 15.Bxe5 Rxe5
16.f4 Re8 17.Ng3 Qb6 18.Qf3 c4+ 19.Rf2 Nxd5 20.Kh2 Nb4 21.g5 d5 22.e5 Nd3
23.Re2 hxg5 24.fxg5 Rxe5 25.Rf1 Qg6 26.h4 Rxe2  0-1

[Event "ch-Euro Youth g16"]
[Site "Albena BUL"]
[Date "2011.09.18"]
[Round "7.8"]
[White "Baraeva,M"]
[Black "Fragkou,E"]
[Result "1/2-1/2"]
[WhiteElo "2199"]
[BlackElo "1869"]

1.d4 Nf6 2.c4 e6 3.g3 c5 4.Nf3 cxd4 5.Nxd4 d5 6.Bg2 e5 7.Nf3 d4 8.O-O Nc6
9.Bg5 Be7 10.Nbd2 O-O 11.Rc1 Re8 12.Qc2 Be6 13.Rfd1 Rc8 14.a3 a5 15.Qb3 Rb8
16.Qb5 h6 17.Bxf6 Bxf6 18.Ne4 Bf5 19.Nxf6+ Qxf6 20.Nh4 Bh7 21.Bd5 d3 22.e3 e4
23.Qb6 g5 24.Ng2 Qd8 25.Qxd8 Rbxd8 26.f3 exf3 27.Bxf3 d2 28.Rc3 Rd7 29.Bd5 Ne5
30.Kf2 b5 31.Rxd2 Nxc4 32.Rd4 Nxb2 33.Rb3 Red8 34.Rxb5 Nd3+ 35.Ke2 Ne5 36.Rxa5 Kg7
37.Ne1 Rb8 38.Rd2 Rb1 39.Ra4 Bf5 40.e4 Bg4+ 41.Kf2 Bd1 42.Rad4 Ng4+ 43.Kg1 Bf3
44.Kf1 Rc7 45.h3 Rcc1 46.hxg4 Rxe1+ 47.Kf2 Bxg4 48.Bc4 Rh1 49.a4 Ra1 50.Bb5 h5
51.Rd5 Rh2+ 52.Ke3 Ra3+ 53.R2d3 Re2+ 54.Kd4 Rxd3+ 55.Bxd3 Ra2 56.Rxg5+ Kh6
57.Ra5 Bd1 58.Ra6+ Kg5 59.a5 Kg4 60.Ra8 Kxg3 61.a6 Kf4 62.Ra7 Bb3 63.Rc7 h4
64.Bf1 h3 65.Bxh3 Rxa6 66.Bf5 Rd6+ 67.Kc5 Rd2 68.Re7  1/2-1/2

[Event "4th Mumbai Mayors Cup"]
[Site "Mumbai IND"]
[Date "2011.09.19"]
[Round "5"]
[White "Navalgund,N"]
[Black "Prasad,De"]
[Result "1/2-1/2"]
[WhiteElo "2161"]
[BlackElo "2365"]

1.d4 Nf6 2.c4 e6 3.g3 c5 4.d5 exd5 5.cxd5 d6 6.Nc3 g6 7.Bg2 Bg7 8.Nf3 Na6
9.O-O Nc7 10.e4 O-O 11.h3 Re8 12.Re1 Nd7 13.Bf4 Ne5 14.Bxe5 dxe5 15.Qb3 b6
16.a4 Bh6 17.Rad1 Qd6 18.Nb1 Ba6 19.Na3 Rab8 20.Bf1 Bxf1 21.Rxf1 b5 22.axb5 Qd7
23.Kg2 Nxb5 24.Qa4 f6 25.Nc4 Bf8 26.Na5 Qf7 27.Nc6 Rb6 28.Nd2 Nd4 29.Nc4 Rb7
30.Qa6 Rb3 31.N6a5 Rb4 32.f4 exf4 33.Rxf4 f5 34.Rxd4 cxd4 35.Nc6 Qxd5  1/2-1/2

[Event "Tatry Open"]
[Site "Tatranske Zruby SVK"]
[Date "2011.10.02"]
[Round "9.5"]
[White "Kantorik,M"]
[Black "Vesselovsky,S"]
[Result "1/2-1/2"]
[WhiteElo "2320"]
[BlackElo "2362"]

1.d4 Nf6 2.c4 e6 3.g3 c5 4.d5 exd5 5.cxd5 b5 6.Nf3 Bb7 7.e4 Nxe4 8.Bg2 Be7
9.O-O O-O 10.Re1 Nd6 11.Bf4 Na6 12.Nc3 Nc7 13.Rc1 Re8 14.Ne5 Bf8 15.Nd3 Rxe1+
16.Qxe1 c4 17.Nc5 Rb8 18.Nxb7  1/2-1/2

[Event "TCh-MNE 1st League"]
[Site "Tivat MNE"]
[Date "2011.10.13"]
[Round "6.2"]
[White "Geler,A"]
[Black "Nikcevic,N"]
[Result "0-1"]
[WhiteElo "2249"]
[BlackElo "2412"]

1.d4 Nf6 2.c4 e6 3.g3 c5 4.d5 exd5 5.cxd5 b5 6.Bg2 d6 7.e4 Nbd7 8.Nf3 Nb6
9.O-O Be7 10.Re1 O-O 11.e5 Nfxd5 12.exd6 Qxd6 13.Ng5 Bb7 14.Nc3 Rad8 15.Qd3 Bxg5
16.Bxg5 f6 17.Ne4 Qc7 18.Bd2 Nc4 19.Qb3 Nxd2 20.Nxd2 a6 21.Ne4 c4 22.Qf3 Nb4
23.Qf5 Nd3 24.Re2 Rfe8 25.b3 Re5 26.Qg4 Kh8 27.Qh4 Rde8 28.Nxf6 gxf6 29.Qxf6+ Kg8
30.Rxe5 Rxe5 31.Bh3 Qe7  0-1